[Event "75th Noteboom Open"]
[Site "Leiden NED"]
[Date "2015.02.15"]
[Round "5.4"]
[White "Otten,Martijn"]
[Black "Guliyev,N"]
[Result "0-1"]
[WhiteElo "2046"]
[BlackElo "2536"]

1.d4 d5 2.c4 dxc4 3.e4 b5 4.a4 c6 5.axb5 cxb5 6.Nc3 Bd7 7.Nf3 e6 8.Be2 Bb4
9.O-O Ne7 10.Qc2 O-O 11.Bf4 a5 12.Rfd1 Ng6 13.Bg3 Re8 14.h4 Na6 15.h5 Nf8
16.Ne5 f6 17.Nxd7 Qxd7 18.e5 Bxc3 19.Qxc3 Nb4 20.h6 Nd5 21.Qd2 f5 22.hxg7 Ng6
23.Rxa5 c3 24.Bxb5 Qxb5 25.Rxb5 cxd2 26.f3 f4 27.Bf2 Ne3 28.Rxd2 Ra1+ 29.Be1 Rxe1+
30.Kf2 Rf1+ 31.Ke2 Rg1 32.g4 fxg3 33.Kxe3 Re1+ 34.Re2 Rxe2+ 35.Kxe2 Nf4+
36.Ke3 g2 37.Kf2 Rc8 38.Rc5 Nd3+  0-1

[Event "Graz Open A 2015"]
[Site "Graz AUT"]
[Date "2015.02.19"]
[Round "8.19"]
[White "Singer,Ri"]
[Black "Benkovic,P"]
[Result "1-0"]
[WhiteElo "2219"]
[BlackElo "2401"]

1.d4 d5 2.c4 dxc4 3.e4 Nc6 4.d5 Ne5 5.Nf3 Bg4 6.Qa4+ Bd7 7.Qd1 Bg4 8.Nc3 a6
9.Be2 Bxf3 10.gxf3 Nd3+ 11.Bxd3 cxd3 12.Bf4 Qd7 13.Qxd3 Nf6 14.O-O-O Nh5
15.Be5 f6 16.Bg3 g6 17.Qc4 Bh6+ 18.Kb1 Rc8 19.Qb3 b5 20.a3 Kf8 21.Ne2 c5
22.dxc6 Qxc6 23.Rd5 Kg7 24.Rhd1 Rhe8 25.Rd7 Kh8 26.Nc3 Ng7 27.Qd5 Ne6 28.Qxc6 Rxc6
29.Nd5 Bf8 30.Nb4 Rb6 31.Ra7 Nc5 32.Bc7 Re6 33.Rd5 Na4 34.Nxa6 f5 35.Be5+ Bg7
36.Bxg7+ Kxg7 37.Nc7  1-0

[Event "23rd Fajr Open 2015"]
[Site "Urmia IRI"]
[Date "2015.02.19"]
[Round "2.1"]
[White "Atanejhad,S"]
[Black "Mirzoev,A"]
[Result "0-1"]
[WhiteElo "2180"]
[BlackElo "2556"]

1.d4 d5 2.c4 dxc4 3.e4 Nc6 4.Nf3 Bg4 5.d5 Ne5 6.Be2 Bxf3 7.gxf3 e6 8.f4 Nd3+
9.Bxd3 cxd3 10.dxe6 fxe6 11.Qh5+ g6 12.Qb5+ Qd7 13.Qxb7 Rd8 14.Be3 Bh6 15.Nd2 Ne7
16.Rc1 Rc8 17.h4 O-O 18.h5 Bxf4 19.Bxf4 Rxf4 20.Qxa7 gxh5 21.Rc5 h4 22.Rc3 Ng6
23.Rg1 Rf7 24.Qe3 Rd8 25.Nc4 Qd4 26.Qxd4 Rxd4 27.Nd2 Kf8 28.Rg5 h3 29.Kf1 Nf4
30.Rg4 h5 31.Rh4 e5 32.Rc5 Rd6 33.a4 Rg6 34.a5 Ne2 35.f3 Rg1+ 36.Kf2 Rg2+
37.Ke3 Nf4 38.Rxe5 Re2+ 39.Kd4 Rxd2 40.Rxf4 Rxf4 41.Ke3 Rh4  0-1

[Event "Bunratty Masters 2015"]
[Site "Bunratty IRL"]
[Date "2015.02.21"]
[Round "2.11"]
[White "Pein,M"]
[Black "Quinn,R"]
[Result "1/2-1/2"]
[WhiteElo "2344"]
[BlackElo "2121"]

1.d4 d5 2.c4 dxc4 3.e4 e5 4.Nf3 exd4 5.Bxc4 Nc6 6.O-O Be6 7.Bxe6 fxe6 8.Qb3 Qd7
9.Qxb7 Rb8 10.Qa6 Bd6 11.e5 Bxe5 12.Nxe5 Nxe5 13.Qxa7 Nc6 14.Qa4 Nge7 15.b3 O-O
16.Ba3 Qd5 17.Bxe7 Ra8 18.Qc4 Qxc4 19.bxc4 Nxe7 20.Nd2 Ra4 21.Rfe1 Rfa8 22.Rxe6 Rxa2
23.Rxa2 Rxa2 24.Rxe7 Rxd2 25.g3 d3 26.Rxc7 Rc2 27.Rd7 Rxc4 28.Rxd3 Kf7 29.Rd6 h5
30.h4 Rc3 31.Ra6 Rb3 32.Ra5 g6 33.Ra6 Rc3 34.Kf1 Rb3 35.Ke2 Rc3 36.Rd6 Ra3
37.Rd3 Ra2+ 38.Ke3 Kf6 39.Rb3 Kf5 40.f3 Ra4 41.Rb5+ Kf6 42.Rd5 Rb4 43.Rd4 Rb6
44.Kf4 Ra6 45.Rb4 Rc6 46.g4 hxg4 47.fxg4 Ra6 48.g5+ Ke6 49.Kg4 Kf7 50.h5 gxh5+
51.Kxh5 Kg7 52.Rb7+ Kg8 53.Rc7 Rb6 54.Ra7 Rc6 55.g6 Rc1 56.Ra8+ Kg7 57.Ra7+ Kg8
58.Ra8+ Kg7  1/2-1/2

[Event "16th ch-EUR Indiv 2015"]
[Site "Jerusalem ISR"]
[Date "2015.02.27"]
[Round "4.107"]
[White "Erenberg,Ariel"]
[Black "Poleg,Dan"]
[Result "1-0"]
[WhiteElo "2278"]
[BlackElo "1992"]

1.d4 d5 2.c4 dxc4 3.e4 Nf6 4.e5 Nd5 5.Bxc4 Nc6 6.Be3 Bf5 7.Nc3 e6 8.Nxd5 exd5
9.Bb5 Bd7 10.Be2 Bb4+ 11.Bd2 Bxd2+ 12.Qxd2 O-O 13.Nf3 f6 14.O-O Bf5 15.Qc3 Kh8
16.Bb5 Ne7 17.Rae1 Be4 18.exf6 Rxf6 19.Ng5 Bf5 20.Qc5 Nc6 21.Bxc6 bxc6 22.Re7 Kg8
23.Rfe1 Rc8 24.R1e5 Qf8 25.Qc1 h6 26.Qe3 Bg6 27.Nf3 Rf4 28.Nd2 Rb8 29.g3 Rf6
30.b3 Rc8 31.h4 Kh7 32.h5 Bf5 33.b4 Bg4 34.Kg2 Rf5 35.f3 Bxh5 36.Rxf5 Qxf5
37.g4 Bxg4 38.fxg4 Qxg4+ 39.Qg3 Qxg3+ 40.Kxg3 Rb8 41.a3 a5 42.Nb3 axb4 43.a4 c5
44.dxc5 d4 45.Re4 d3 46.Rd4 d2 47.Rxd2 Re8 48.Kf2 Rf8+ 49.Kg2 Re8 50.Rd4 Re2+
51.Kf3 Rb2 52.Rxb4 g5 53.Rb7 Kg6 54.c6 Rc2 55.Nd4 Rc4 56.Ke3 g4 57.Rxc7 g3
58.Rd7 h5 59.c7 Kg5 60.Rd6 Rxd4 61.Rxd4  1-0

[Event "16th ch-EUR Indiv 2015"]
[Site "Jerusalem ISR"]
[Date "2015.03.01"]
[Round "5.101"]
[White "Slonimskij,A"]
[Black "Vardi,M"]
[Result "1-0"]
[WhiteElo "2176"]
[BlackElo "1850"]

1.d4 d5 2.c4 dxc4 3.e4 e6 4.Bxc4 Nc6 5.Nf3 Nf6 6.Nc3 Bb4 7.Bd3 h6 8.O-O O-O
9.Bc2 Ne7 10.a3 Bxc3 11.bxc3 Ng6 12.Qe2 Re8 13.e5 Nd5 14.c4 Nde7 15.Rd1 c6
16.Bb2 a5 17.Nd2 b5 18.Ne4 Nf5 19.Nc5 bxc4 20.Be4 Nf4 21.Qxc4 Nd5 22.Qa4 Qb6
23.Bxd5 exd5 24.Bc3 Qb5 25.Qxb5 cxb5 26.Rab1 Ba6 27.Bxa5 Rec8 28.Bc3 Rc6
29.Rb4 Rg6 30.Rd3 h5 31.Bb2 Rg4 32.h3 Rg6 33.Rf3 Ne7 34.Nxa6 Raxa6 35.Rxb5 Rgb6
36.Rfb3 Rc6 37.Bc3 Ng6 38.g3 h4 39.Rxd5 hxg3 40.fxg3 Ne7 41.Rd8+ Kh7 42.Bb4 Nf5
43.Bc5 Rg6 44.Kf2 f6 45.Rf3 Nh6 46.Rd6 fxe5 47.dxe5 Ra5 48.Rxg6 Kxg6 49.Bd6 Nf5
50.g4 Nxd6 51.exd6 Rd5 52.a4 Rxd6 53.Ra3 Kg5 54.Kg3 g6 55.a5 Ra6 56.h4+ Kh6
57.Kf4 Rf6+ 58.Ke5 Ra6 59.Kd5 g5 60.hxg5+ Kxg5 61.Ra4 Ra8 62.a6 Rd8+ 63.Kc6 Rh8
64.a7  1-0

[Event "31st ChessOrg Open"]
[Site "Bad Woerishofen GER"]
[Date "2015.03.05"]
[Round "7.2"]
[White "Lampert,J"]
[Black "Karpatchev,A"]
[Result "1-0"]
[WhiteElo "2454"]
[BlackElo "2472"]

1.d4 d5 2.c4 dxc4 3.e4 b5 4.a4 c6 5.axb5 cxb5 6.Nc3 a6 7.Nxb5 axb5 8.Rxa8 Bb7
9.Ra1 Bxe4 10.b3 Nc6 11.f3 Bg6 12.bxc4 Nxd4 13.c5 e5 14.Bxb5+ Nxb5 15.Qxd8+ Kxd8
16.Ra8+ Ke7 17.Rb8 Bd3 18.c6 Nf6 19.c7 Nxc7 20.Ba3+ Kd7 21.Rxf8 Rxf8 22.Bxf8 Ne6
23.Ba3 e4 24.Kf2 Nf4 25.Bc1 N4d5 26.Nh3 exf3 27.gxf3 h6 28.Rd1 Bc2 29.Rd2 Bf5
30.Nf4 Kc6 31.Ne2 Bg6 32.Ba3 Nh5 33.Bf8 Ndf6 34.Rd6+ Kc7 35.Nc3 Nf4 36.Nb5+ Kb7
37.Nd4 N6h5 38.Ke3 Ng2+ 39.Kd2 Kc7 40.Kc3 Nh4 41.Kb4 Nf5 42.Nb5+ Kc8 43.Rd2 Nf6
44.Nd4 Nd5+ 45.Kc5 Nxd4 46.Rxd4 Nc7 47.Kc6 Bh5 48.Rd3 Ne6 49.Bc5 Nxc5 50.Kxc5 Kc7
51.f4 Bg6 52.Rd5 f6 53.f5 Be8 54.Rd3 Bd7 55.Rg3 Bxf5 56.Rxg7+ Kd8 57.Rf7 Ke8
58.Rxf6 Bg4 59.Kd4 h5 60.Ke3 Ke7 61.Rf4 Ke6 62.Kf2 Bf5 63.Kg3 Kf6 64.Kh4 Kg6
65.Rd4 Bc2 66.Rd6+ Kg7 67.Kxh5 Bb3 68.Kg5 Bc4 69.Rd7+ Kh8 70.Kg6 Bb3 71.Rh7+ Kg8
72.Rc7 Kh8 73.Rh7+ Kg8 74.Rb7 Bc2+ 75.Kh6 Bd3 76.Rb8+ Kf7 77.Rb3 Bc2 78.Rg3 Kf8
79.Rg5 Bd3 80.Kh5 Kf7 81.Rg3 Bc2 82.Rg1 Bd3 83.Kh6 Be2 84.Rg7+ Kf8 85.h4 Bd3
86.Rg1 Bc2 87.Kh5 Bb3 88.Rg3 Bc2 89.Kh6  1-0

[Event "Dutch League 2014-15"]
[Site "Netherlands NED"]
[Date "2015.03.07"]
[Round "6.6"]
[White "Beekman,R"]
[Black "Tereick,B"]
[Result "0-1"]
[WhiteElo "2242"]
[BlackElo "2424"]

1.d4 d5 2.c4 dxc4 3.e4 Nf6 4.e5 Nd5 5.Bxc4 Nc6 6.Nc3 Nb6 7.Bb5 Bd7 8.Be3 e6
9.Nf3 Nb4 10.Be2 Bc6 11.O-O Qd7 12.Rc1 O-O-O 13.a3 N4d5 14.b4 Nxc3 15.Rxc3 Nd5
16.Rc1 f5 17.b5 Bxb5 18.Bxb5 Qxb5 19.Rb1 Qd7 20.Qb3 b6 21.Bd2 Kb7 22.Rfc1 Be7
23.Rc4 Rb8 24.Ne1 Rhc8 25.Nd3 Ka8 26.Rbc1 c6 27.Bb4 Bxb4 28.axb4 g5 29.g3 Ne7
30.Rd1 Qd5 31.Qc3 h5 32.Ne1 h4 33.Ng2 hxg3 34.fxg3 f4 35.Qd3 fxg3 36.hxg3 Rh8
37.Rc3 Nf5 38.g4 Nh4 39.Qg3 Rbf8 40.Ne1 Rf4 41.Rcd3 Rhf8  0-1

[Event "TCh-AUT 2014-15"]
[Site "Austria AUT"]
[Date "2015.03.20"]
[Round "10.5"]
[White "Boensch,U"]
[Black "Platzgummer,F"]
[Result "1-0"]
[WhiteElo "2543"]
[BlackElo "2325"]

1.d4 d5 2.c4 dxc4 3.e4 b5 4.a4 c6 5.axb5 cxb5 6.Nc3 Bd7 7.Nf3 e6 8.Be2 Nf6
9.O-O b4 10.Na4 Nxe4 11.Ne5 Bc6 12.Bf3 Bd5 13.Re1 Nf6 14.Nc5 Bxf3 15.Qa4+ Nfd7
16.Ncxd7 Nxd7 17.gxf3 Bd6 18.Nxc4 Be7 19.Ne5 Bd6 20.Nc4 Be7 21.Ne5 Bd6 22.Be3 f6
23.Nc6 Nb6 24.Nxd8+ Nxa4 25.Nb7 Nxb2 26.Nxd6+ Kd7 27.Ra6 Rhb8 28.Rb1 Nd3
29.Kf1 Rb6 30.Rxb6 axb6 31.Nc4 Kc6 32.Ke2 b5 33.Nd2 Ra3 34.Nb3  1-0

[Event "TCh-SWE Elitserien"]
[Site "Sweden SWE"]
[Date "2015.03.20"]
[Round "7.4"]
[White "Olsson,Li"]
[Black "Pettersson,Anders1"]
[Result "1/2-1/2"]
[WhiteElo "2272"]
[BlackElo "2280"]

1.d4 d5 2.c4 dxc4 3.e4 b5 4.a4 c6 5.Nf3 e6 6.b3 Bb4+ 7.Bd2 Bxd2+ 8.Qxd2 cxb3
9.axb5 Nf6 10.Nc3 O-O 11.bxc6 Nxc6 12.Be2 a5 13.O-O Ba6 14.Bxa6 Rxa6 15.Rfb1 a4
16.Rxb3 axb3 17.Rxa6 Qd7 18.Rb6 Na5 19.Ne5 Qc7 20.Rb5 Nc4 21.Nxc4 Qxc4 22.Rc5 Qb4
23.Rb5 Nxe4 24.Rxb4 Nxd2 25.f3 g6 26.Ne4 Nxe4 27.fxe4 Rd8 28.Kf2 Rc8  1/2-1/2

[Event "TCh-SWE Elitserien"]
[Site "Sweden SWE"]
[Date "2015.03.20"]
[Round "7.4"]
[White "Hillarp Persson,T"]
[Black "Westerberg,J"]
[Result "0-1"]
[WhiteElo "2544"]
[BlackElo "2411"]

1.d4 d5 2.c4 dxc4 3.e4 Nf6 4.e5 Nd5 5.Bxc4 Nb6 6.Bb3 Nc6 7.Ne2 Bf5 8.Nbc3 e6
9.O-O Qd7 10.Be3 O-O-O 11.a3 Be7 12.Qc1 f6 13.Rd1 Kb8 14.Ba2 fxe5 15.dxe5 Qc8
16.f4 g5 17.Rxd8 Rxd8 18.fxg5 Nxe5 19.Nb5 Bd3 20.Ned4 Bxb5 21.Nxb5 Nc6 22.Qc2 Qd7
23.Re1 Nb4 24.Qxc7+ Qxc7 25.Nxc7 Nxa2 26.Nxe6 Rd3 27.Bf4+ Kc8 28.Ra1 Kd7
29.Ng7 Bc5+ 30.Kf1 Nd5 31.Bg3 Rd2 32.Rxa2 Ne3+ 33.Ke1 Rxg2 34.Bf4 Nd5 35.Bg3 Nc3
36.Ra1 Rg1+ 37.Kd2 Rxa1 38.Kxc3 Bd6 39.Bxd6 Kxd6 40.Ne8+ Ke5 41.Nf6 Rc1+
42.Kd3 Rc7 43.h4 Kf5 44.a4 h6 45.Ne8 Rd7+ 46.Kc4 hxg5 47.hxg5 Kxg5 48.Kc5 Kf5
49.Nd6+ Ke5 50.Nb5 Rd5+ 51.Kb4 a6 52.Na3 Rd4+ 53.Ka5 Kd6 54.Nc2 Rc4 55.Ne3 Re4
56.Nc2 Kc5 57.b3 Rh4 58.b4+ Kc6 59.b5+ Kc5 60.b6 Rh5  0-1

[Event "5th HD Bank Cup 2015"]
[Site "Ho Chi Minh City VIE"]
[Date "2015.03.21"]
[Round "8.3"]
[White "Nguyen Ngoc Truong Son"]
[Black "Dao Thien Hai"]
[Result "1-0"]
[WhiteElo "2659"]
[BlackElo "2482"]

1.d4 d5 2.c4 dxc4 3.e4 Nf6 4.e5 Nd5 5.Bxc4 Nb6 6.Bd3 Nc6 7.Ne2 Bg4 8.Be3 e6
9.Nbc3 Qd7 10.O-O O-O-O 11.a4 Bxe2 12.Bxe2 Nxd4 13.a5 Nxe2+ 14.Qxe2 Nd5 15.Nxd5 Qxd5
16.a6 b6 17.Bxb6 cxb6 18.Rfc1+ Bc5 19.b4 Qd3 20.Qxd3 Rxd3 21.bxc5 bxc5 22.Rxc5+ Kd7
23.Rac1 Rd8 24.h4 Ke8 25.Kh2 Rd1 26.Rxd1 Rxd1 27.Rb5 f6 28.exf6 gxf6 29.Rb7 Rd7
30.g4 Ke7 31.Kg3 Kd6 32.f4 Rc7 33.h5 Rc3+ 34.Kh4 h6 35.Rxa7 Rf3 36.Ra8  1-0

[Event "3rd POL-HUN Friendship"]
[Site "Katowice POL"]
[Date "2015.03.22"]
[Round "9.6"]
[White "Kovalenko,I"]
[Black "Heberla,B"]
[Result "0-1"]
[WhiteElo "2661"]
[BlackElo "2567"]

1.d4 d5 2.c4 dxc4 3.e4 b5 4.a4 c6 5.axb5 cxb5 6.Nc3 a6 7.Nxb5 axb5 8.Rxa8 Bb7
9.Ra1 e6 10.f3 f5 11.Nh3 fxe4 12.fxe4 Nf6 13.Ng5 Qb6 14.e5 Ne4 15.Nxe4 Bxe4
16.Be3 Bb4+ 17.Kf2 O-O+ 18.Kg1 Nc6 19.h4 c3 20.bxc3 Bxc3 21.Ra3 Bxd4 22.Rh3 b4
23.Rb3 Qc5 24.Rg3 Qxe5 25.Rg5 Bf5 26.Bxd4 Nxd4 27.Rxb4 Rd8 28.Qc1 h6 29.Rh5 Qg3
30.Rxf5 Nxf5 31.Qc4 Qe3+ 32.Kh2 Kh7 33.Rb3 Qe5+ 34.Kg1 Rd4 35.Qc2 Rxh4 36.g3 Rg4
37.Bg2 Rxg3 38.Rxg3 Qe1+ 39.Kh2 Qxg3+ 40.Kh1 Qe1+ 41.Kh2 Qe5+ 42.Kh1 g6 43.Qb1 h5
44.Bf3 Qf4 45.Bg2 Ng3+ 46.Kg1 Ne2+  0-1

[Event "Aeroflot Open A 2015"]
[Site "Moscow RUS"]
[Date "2015.03.27"]
[Round "1.35"]
[White "Svetushkin,D"]
[Black "Asgarizadeh,A"]
[Result "1-0"]
[WhiteElo "2592"]
[BlackElo "2412"]

1.d4 d5 2.c4 dxc4 3.e4 e5 4.Nf3 exd4 5.Bxc4 Nc6 6.O-O Bc5 7.Qb3 Qf6 8.Bg5 Qg6
9.Nbd2 Nge7 10.Rac1 Bb4 11.Bf4 Ba5 12.Bd5 O-O 13.Nc4 Bb6 14.Rfd1 Bg4 15.h3 Bxf3
16.Qxf3 Rac8 17.Nxb6 axb6 18.a3 Kh8 19.Ba2 Rfd8 20.b4 Rd7 21.Rd3 Nd8 22.Qe2 Ne6
23.Bd2 Qf6 24.Rf3 Qg6 25.Rg3 Qf6 26.f4 Nxf4 27.Qg4 Ne6 28.Rf1 Qe5 29.Rxf7  1-0

[Event "Fagernes GM Open 2015"]
[Site "Fagernes NOR"]
[Date "2015.03.29"]
[Round "1.2"]
[White "Postny,E"]
[Black "Christiansen,Johan-Sebastian"]
[Result "1-0"]
[WhiteElo "2645"]
[BlackElo "2351"]

1.d4 d5 2.c4 dxc4 3.e4 e5 4.Nf3 Bb4+ 5.Nc3 exd4 6.Nxd4 Qe7 7.Bxc4 Nf6 8.O-O O-O
9.Qe2 c5 10.Nf5 Bxf5 11.exf5 Qd7 12.Ne4 Qe7 13.Nxf6+ Qxf6 14.a3 Ba5 15.b4 cxb4
16.Bb2 Qh6 17.f6 Bc7 18.g3 Nc6 19.fxg7 Rfe8 20.Qf3 Qg6 21.Bd3 Qh6 22.Bc4 Qg6
23.Rad1 Re7 24.Bf6 Ne5 25.Qxb7 Qxf6 26.Qxa8+ Kxg7 27.Bd5 Bb6 28.axb4 Ng4
29.Bf3 Ne5 30.Kg2 Rc7 31.Be2 Nc6 32.b5 Nd4 33.Qe4 Re7 34.Qg4+ Kh8 35.Qc8+ Kg7
36.Qg4+ Kh8 37.Bd3 Re5 38.Rde1 Rg5 39.Re8+ Kg7 40.Qe4 Rh5 41.h4 Qg6 42.Rg8+ Kxg8
43.Qe8+ Kg7 44.Bxg6 hxg6 45.Rc1 Ne6 46.Rc8 Kf6 47.Rc6 Kg7 48.Rxe6 fxe6 49.Qe7+ Kh8
50.Qf6+ Kh7 51.Qf7+ Kh8 52.Qxg6 Rc5 53.h5  1-0

[Event "4NCL 2014-15"]
[Site "Hinckley Island ENG"]
[Date "2015.03.29"]
[Round "8.142"]
[White "Edouard,R"]
[Black "Smerdon,D"]
[Result "1-0"]
[WhiteElo "2638"]
[BlackElo "2519"]

1.d4 d5 2.c4 dxc4 3.e4 b5 4.a4 c6 5.axb5 cxb5 6.Nc3 a6 7.Nxb5 axb5 8.Rxa8 Bb7
9.Ra1 e6 10.Be2 Nf6 11.Nf3 Nxe4 12.O-O Bb4 13.b3 Nc3 14.Qd2 Nc6 15.bxc4 Nxd4
16.Nxd4 Qxd4 17.Bf3 Bxf3 18.Qxd4 Ne2+ 19.Kh1 Nxd4 20.gxf3 O-O 21.cxb5 e5
22.b6 Rb8 23.Ba3 Bxa3 24.Rxa3 Kf8 25.Rb1 Ke7 26.f4 exf4 27.b7 Nc6 28.Ra8  1-0

[Event "Aeroflot Open B 2015"]
[Site "Moscow RUS"]
[Date "2015.03.29"]
[Round "3.29"]
[White "Ovod,E"]
[Black "Pavlov,S2"]
[Result "0-1"]
[WhiteElo "2325"]
[BlackElo "2490"]

1.d4 d5 2.c4 dxc4 3.e4 b5 4.a4 c6 5.axb5 cxb5 6.b3 e5 7.d5 Nf6 8.Nd2 Bb4
9.Qc2 cxb3 10.Qxb3 a5 11.Bxb5+ Bd7 12.Bd3 Na6 13.Qb2 O-O 14.f3 Qb6 15.Ke2 Nc5
16.Nc4 Qb5 17.Nxe5 Nxd3 18.Nxd3 Rfe8 19.Qd4 Rac8 20.Rb1 Rc4 21.Rxb4 axb4
22.Qb2 Nxe4 23.fxe4 Rcxe4+ 24.Kd2 Qxd5 25.Qc2 Re3 26.Bb2 Ba4  0-1

[Event "O2C Doeberl Cup 2015"]
[Site "Canberra AUS"]
[Date "2015.04.05"]
[Round "7.3"]
[White "Van Wely,L"]
[Black "Heberla,B"]
[Result "0-1"]
[WhiteElo "2665"]
[BlackElo "2567"]

1.d4 d5 2.c4 dxc4 3.e4 b5 4.a4 c6 5.axb5 cxb5 6.Nc3 a6 7.Nxb5 axb5 8.Rxa8 Bb7
9.Ra1 e6 10.f3 f5 11.exf5 Nc6 12.Ne2 Nge7 13.g4 Nd5 14.Bg2 Bb4+ 15.Kf2 O-O
16.Rf1 e5 17.dxe5 Qb6+ 18.Kg3 Nxe5 19.h3 Nd3 20.Kh2 Ne3 21.Bxe3 Qxe3 22.f4 Bxg2
23.Kxg2 Rd8 24.Qc2 Ne1+ 25.Raxe1 Bxe1 26.Rxe1 Rd3 27.Rd1 Qe4+ 28.Kg1 Rg3+
29.Nxg3 Qxc2 30.Rd7 Qc1+ 31.Kg2 Qxb2+ 32.Kf3 Qa3+ 33.Kf2 Qc5+ 34.Ke2 Qc6
35.Rd8+ Kf7 36.Kd1 Qb6 37.Rd7+ Ke8  0-1

[Event "TCh-CAT Final GpA 2015"]
[Site "Barcelona ESP"]
[Date "2015.04.11"]
[Round "10.1"]
[White "Alsina Leal,D"]
[Black "Magem Badals,J"]
[Result "1/2-1/2"]
[WhiteElo "2537"]
[BlackElo "2552"]

1.d4 d5 2.c4 dxc4 3.e4 Nf6 4.e5 Nd5 5.Bxc4 Nb6 6.Bd3 Nc6 7.Be3 Be6 8.Nc3 Qd7
9.Nge2 Bc4 10.Bxc4 Nxc4 11.O-O e6 12.Rc1 O-O-O 13.Ne4 Nb6 14.a3 Nd5 15.b4 Kb8
16.b5 Nce7 17.Nc5 Qc8 18.Qb3 Nf5 19.a4 Bxc5 20.Rxc5 f6 21.exf6 gxf6 22.a5 Qd7  1/2-1/2

[Event "Dutch League 2014-15"]
[Site "Netherlands NED"]
[Date "2015.04.11"]
[Round "8.5"]
[White "Brenninkmeijer,J"]
[Black "Faber,Ab"]
[Result "1-0"]
[WhiteElo "2492"]
[BlackElo "2020"]

1.d4 d5 2.c4 dxc4 3.e4 c5 4.d5 e6 5.Nc3 a6 6.a4 Nf6 7.Nf3 exd5 8.e5 d4 9.exf6 dxc3
10.Qxd8+ Kxd8 11.Ng5 Be6 12.Nxe6+ fxe6 13.Bxc4 gxf6 14.Bxe6 Bd6 15.O-O c2
16.Be3 Nc6 17.Rac1 Nb4 18.Bb3 a5 19.Bxc2 Nxc2 20.Rxc2 b6 21.Rd1 Kc7 22.Rd5 Rad8
23.Rf5 Rhf8 24.f4 Rde8 25.Kf2 Re4 26.b3 Rfe8 27.Rc3 R8e6 28.Kf3 Bf8 29.Bf2 Rb4
30.Rh5 h6 31.Rd5 Kc6 32.Rf5 Kd6 33.Be3 Ke7 34.Rh5 Rc6 35.g4 Bg7 36.Bc1 Rd4
37.Be3 Rb4 38.Rd5 Rd6 39.Rxd6 Kxd6 40.Rd3+ Ke6 41.f5+ Ke7 42.Bd2 Rd4 43.Rxd4 cxd4
44.Ke4 Kd6 45.Kxd4 Kc6 46.Kc4 Bf8 47.Bc1 Bd6 48.h3 Bf8 49.Bf4 Bg7 50.Be3 Bf8
51.Bc1  1-0

[Event "15th BCC Open 2015"]
[Site "Pattaya THA"]
[Date "2015.04.14"]
[Round "4.6"]
[White "Smirnov,Ant"]
[Black "Socko,B"]
[Result "1/2-1/2"]
[WhiteElo "2410"]
[BlackElo "2623"]

1.d4 d5 2.c4 dxc4 3.e4 e5 4.Nf3 Bb4+ 5.Bd2 Bxd2+ 6.Qxd2 exd4 7.Qxd4 Qxd4
8.Nxd4 Ne7 9.Nc3 O-O 10.Bxc4 c5 11.Nc2 Rd8 12.Rd1 Rxd1+ 13.Kxd1 Nbc6 14.Kc1 Be6
15.Bxe6 fxe6 16.Rd1 Rd8 17.Rxd8+ Nxd8 18.b4 cxb4 19.Nxb4 Nec6 20.Nd3 e5 21.Kd2 Ne6
22.Ke3 g5 23.g3 Kf7 24.Nd5 b5 25.f3 a5 26.a3 Ned4 27.Nxe5+ Nxe5 28.Kxd4 Nxf3+
29.Kc5 Nxh2 30.Kxb5 h5 31.Kxa5 Nf1 32.Kb6 Nxg3 33.a4 h4 34.a5 h3 35.a6 h2
36.a7 h1=Q 37.a8=Q Qb1+ 38.Kc6 Qxe4 39.Qb7+ Kg6 40.Kd7 Qf5+ 41.Ke8 Qe5+ 42.Ne7+ Kh5
43.Qf3+ Kh4 44.Kf7 Kh3 45.Nd5 Qd6 46.Nf6 Qf4 47.Qd1 Kh4 48.Kg6 Qf5+ 49.Kg7 Kh3
50.Kf7 Kh2 51.Kg7 Kg2 52.Qd2+ Kf3 53.Qd1+ Kg2 54.Qd2+ Kh3 55.Qd1 Nf1 56.Qh5+ Kg3
57.Qe2 Nh2 58.Qe1+ Kh3 59.Qe3+ Nf3 60.Qe4 Qxe4 61.Nxe4 g4 62.Nf2+ Kh4 63.Nxg4 Kxg4  1/2-1/2

[Event "ch-MGL 2015"]
[Site "Ulan Bator MGL"]
[Date "2015.04.18"]
[Round "1.6"]
[White "Munkhgal,G"]
[Black "Tuvsanaa,N"]
[Result "0-1"]
[WhiteElo "2419"]
[BlackElo "2172"]

1.d4 d5 2.c4 dxc4 3.e4 b5 4.a4 c6 5.b3 e5 6.bxc4 Bb4+ 7.Bd2 Qxd4 8.Ra2 Bc5
9.Bc3 Qxd1+ 10.Kxd1 Nf6 11.f3 Be6 12.Bxe5 Nbd7 13.Bxf6 gxf6 14.Nc3 b4 15.Nd5 O-O-O
16.Kc2 Ne5 17.Kb3 cxd5 18.cxd5 Rxd5 19.exd5 Bxd5+ 20.Kb2 Rd8 21.Nh3 Kb7 22.f4 Bd4+
23.Kb1 Be4+ 24.Kc1 Be3+ 25.Kb2 Rd2+ 26.Kb3 Bd5+ 27.Kxb4 Nc6+ 28.Kc3 Rxa2
29.Bc4 Bd4+ 30.Kb3 Rb2+  0-1

[Event "2nd 4NCL Congress 2015"]
[Site "Wakefield ENG"]
[Date "2015.04.18"]
[Round "3.8"]
[White "Burnett,J"]
[Black "Gardiner,Eric D"]
[Result "1/2-1/2"]
[WhiteElo "2121"]
[BlackElo "1949"]

1.d4 d5 2.c4 dxc4 3.e4 Nc6 4.Nf3 Bg4 5.d5 Ne5 6.Bf4 Ng6 7.Be3 e5 8.Bxc4 Nf6
9.Bb5+ c6 10.dxc6 Qxd1+ 11.Kxd1 O-O-O+ 12.Ke2 Nf4+ 13.Bxf4 exf4 14.cxb7+ Kxb7
15.Rc1 a6 16.Ba4 Rd4 17.Bc6+ Kb6 18.Kf1 Bxf3 19.gxf3 Bc5 20.Bd5 Nxd5 21.exd5 Rxd5
22.Nc3 Rd4 23.Rd1 Rhd8 24.Rxd4 Rxd4 25.Ke2 g5 26.Rc1 f5 27.Rg1 Be7 28.h4 h6
29.hxg5 Bxg5 30.Rc1 Rd8 31.b3 Re8+ 32.Kf1 Rd8 33.Na4+ Kb5 34.a3 Be7 35.Rc4 Bxa3
36.Rxf4 Rf8 37.Nc3+ Kb6 38.Nd5+ Kb5 39.Ne3 Bc1 40.Ke2 a5 41.Kd1 Bxe3 42.fxe3 Rd8+
43.Kc2 Rd5 44.Rh4 Rd6 45.Rh5 Rc6+ 46.Kb2 Rf6 47.e4 Kc5 48.e5 Rb6 49.Kc3 Kd5
50.Rxf5 Rg6 51.e6+ Kxe6 52.Rxa5 Rg3 53.Ra6+ Kd7 54.Rf6 h5 55.Kd4 h4 56.Ke4 Rg5
57.Rh6 Rb5 58.f4 Rxb3 59.Rxh4 Ke7 60.Kf5 Kf7 61.Rh7+ Kg8 62.Rc7 Rb6 63.Kg5 Ra6
64.f5 Rb6 65.f6 Rb1  1/2-1/2

[Event "5th Dziedzica Mem 2015"]
[Site "Trzcianka POL"]
[Date "2015.04.19"]
[Round "8.4"]
[White "Fridman,D"]
[Black "Maksimenko,An"]
[Result "1-0"]
[WhiteElo "2647"]
[BlackElo "2495"]

1.d4 d5 2.c4 dxc4 3.e4 Nf6 4.e5 Nd5 5.Bxc4 Nb6 6.Bb3 Nc6 7.Ne2 Bf5 8.Nbc3 e6
9.Be3 Qd7 10.O-O O-O-O 11.a3 Be7 12.Qc1 f6 13.exf6 Bxf6 14.Rd1 Na5 15.Ba2 Nac4
16.Ng3 Nxe3 17.fxe3 Rhe8 18.a4 Bg4 19.Rf1 Bg5 20.Nge4 Bh6 21.Nc5 Qc6 22.h3 Bh5
23.Qe1 Nd5 24.e4 Ne3 25.Nb5 Kb8 26.Rf2 a6 27.Nxe6 axb5 28.Nxd8 Rxd8 29.axb5 Qxe4
30.Qa5 b6 31.Qa7+ Kc8 32.Rc1 Bf4 33.Qxb6 Kd7 34.Qc6+ Qxc6 35.bxc6+ Kd6 36.Rxf4 Rb8
37.Re4  1-0

[Event "Copenhagen CC 2015"]
[Site "Ballerup DEN"]
[Date "2015.05.02"]
[Round "6.17"]
[White "Haug,J"]
[Black "Lien,Kjell Hakon"]
[Result "0-1"]
[WhiteElo "2339"]
[BlackElo "2071"]

1.d4 d5 2.c4 dxc4 3.e4 b5 4.Nc3 a6 5.a4 c6 6.axb5 cxb5 7.Nxb5 axb5 8.Rxa8 Bb7
9.Ra1 e6 10.f3 Nc6 11.Be3 Bb4+ 12.Kf2 f5 13.exf5 Nf6 14.Ne2 Nd5 15.Bd2 Qb6
16.fxe6 Nxd4 17.Be3 Nxe3 18.Qxd4 Nd1+ 19.Kg3 Be1+ 20.Kh3 Qxe6+ 21.g4 h5 22.Ra3 hxg4+
23.Kg2 gxf3+ 24.Rxf3 Qh3+ 25.Kg1 Qxf3 26.Qe5+ Kf7 27.Qc7+ Kg8 28.Qd8+ Kh7
29.Qh4+ Bxh4  0-1

[Event "Copenhagen CC 2015"]
[Site "Ballerup DEN"]
[Date "2015.05.02"]
[Round "7.3"]
[White "Gledura,B"]
[Black "Tari,A"]
[Result "1/2-1/2"]
[WhiteElo "2454"]
[BlackElo "2509"]

1.d4 d5 2.c4 dxc4 3.e4 b5 4.a4 c6 5.axb5 cxb5 6.Nc3 a6 7.Nxb5 axb5 8.Rxa8 Bb7
9.Ra1 e6 10.Nf3 Nf6 11.Be2 Nxe4 12.O-O Qd5 13.Be3  1/2-1/2

[Event "Copenhagen CC 2015"]
[Site "Ballerup DEN"]
[Date "2015.05.03"]
[Round "8.11"]
[White "Matthiesen,M"]
[Black "Christiansen,Johan-Sebastian"]
[Result "1/2-1/2"]
[WhiteElo "2297"]
[BlackElo "2351"]

1.d4 d5 2.c4 dxc4 3.e4 b5 4.a4 c6 5.axb5 cxb5 6.Nc3 a6 7.Nxb5 axb5 8.Rxa8 Bb7
9.Ra1 e6 10.Be2 Nf6 11.Nf3 Nxe4 12.O-O Nc6 13.Be3 Be7 14.b3 Na5 15.bxc4 Nc3
16.Qc2 Nxe2+ 17.Qxe2 Nxc4 18.Rfb1 Qd5 19.Ra7 O-O 20.Rxb7 Qxb7 21.Qxc4 Qxf3
22.Qxb5 Qe4 23.Qb7 Qf5 24.Ra1 Bd6 25.Ra6 Rb8 26.Ra8 Rxa8 27.Qxa8+ Bf8  1/2-1/2

[Event "TCh-RUS HL 2015"]
[Site "Sochi RUS"]
[Date "2015.05.04"]
[Round "4.4"]
[White "Airapetian,G"]
[Black "Akhmetov,Ar"]
[Result "1/2-1/2"]
[WhiteElo "2444"]
[BlackElo "2481"]

1.d4 d5 2.c4 dxc4 3.e4 e5 4.Nf3 exd4 5.Bxc4 Nc6 6.O-O Be6 7.Bb5 Bc5 8.Nbd2 Ne7
9.Ng5 Qd6 10.Nxe6 Qxe6 11.Nb3 Qd6 12.Bf4 Qxf4 13.Nxc5 O-O 14.g3 Qg5 15.Rc1 Rfb8
16.Qa4 Qg6 17.f4 a6 18.Bxc6 Nxc6 19.Nxb7 Rxb7 20.Qxc6 Qxc6 21.Rxc6 Rxb2 22.Rf2 Rab8
23.Rxc7 g6 24.Rd7 Rxf2 25.Kxf2 Rb2+ 26.Kf3 Rxa2 27.Rxd4 Rxh2 28.Ra4 h5 29.Rxa6 Rb2
30.Ra3 Kg7 31.e5 Rb4 32.Rc3 Ra4 33.Re3 Rb4 34.Rc3 Ra4 35.Re3 Rb4 36.Rc3  1/2-1/2

[Event "ch-Africa 2015"]
[Site "Cairo EGY"]
[Date "2015.05.06"]
[Round "5.6"]
[White "El Gindy,E"]
[Black "Kayonde,Andrew"]
[Result "1-0"]
[WhiteElo "2450"]
[BlackElo "2374"]

1.d4 d5 2.c4 dxc4 3.e4 e5 4.Nf3 exd4 5.Bxc4 Bb4+ 6.Nbd2 Nc6 7.O-O Qf6 8.e5 Qg6
9.Qb3 Be6 10.a3 Bxd2 11.Qxb7 Bxc4 12.Qxa8+ Kd7 13.Bxd2 Bd5 14.e6+ Qxe6 15.Rfe1 Ne5
16.Nxe5+ Qxe5 17.Qf8 Nf6 18.Qxh8 Qf5 19.Qxg7  1-0

[Event "TCh-RUS HL 2015"]
[Site "Sochi RUS"]
[Date "2015.05.06"]
[Round "6.4"]
[White "Shemeakin,A"]
[Black "Oganian,M"]
[Result "1/2-1/2"]
[WhiteElo "2247"]
[BlackElo "2371"]

1.d4 d5 2.c4 dxc4 3.e4 e5 4.Nf3 exd4 5.Bxc4 Bb4+ 6.Bd2 Bxd2+ 7.Nbxd2 Nc6
8.O-O Qf6 9.e5 Qg6 10.Re1 Nge7 11.Qb3 O-O 12.Rac1 Be6 13.Bxe6 Qxe6 14.Qxe6 fxe6
15.Ng5 Ng6 16.Nxe6 Rf7 17.Nf3 d3 18.Red1 Re8 19.Nc5 Ngxe5 20.Nxe5 Nxe5 21.Nxd3 Nxd3
22.Rxd3 Re2 23.Rd8+ Rf8 24.Rxf8+ Kxf8 25.Kf1 Rxb2 26.Rxc7 a5 27.a4 b6 28.g3 Rb4
29.Rb7 g5 30.Ke2 g4 31.Ke3 h5 32.f4 gxf3 33.Kxf3 Ke8 34.h3 Kd8 35.g4 h4 36.g5 Ke8
37.g6 Kf8 38.Rf7+ Kg8 39.Rb7 Rxa4 40.Rxb6 Kg7 41.Ra6 Kh6 42.Ke3 Ra3+ 43.Kf4 Rxh3
44.g7+ Kxg7 45.Rxa5 Rh1 46.Kg4 h3 47.Kg3 h2 48.Kg2  1/2-1/2